[Event "Chebanenco Memorial 1st"]
[Site "Kishinev"]
[Date "1998.02.16"]
[Round "8"]
[White "Morozevich, Alexander"]
[Black "Itkis, Boris"]
[Result "1-0"]
[WhiteElo "2590"]
[BlackElo "2460"]
[Annotator "Psakhis,L"]
[PlyCount "63"]
[EventDate "1998.02.09"]
[EventType "tourn"]
[EventRounds "9"]
[EventCountry "MDA"]
[EventCategory "12"]
[SourceTitle "CBM 064"]
[Source "ChessBase"]
[SourceDate "1998.06.02"]
[SourceVersion "1"]
[SourceVersionDate "1998.06.02"]
[SourceQuality "1"]

1. e4 e6 2. d3 d5 3. Qe2 {Big fashion in last two years. White doesn,t pretend
for advantage, but for unknown and complicated position.} Nf6 ({Maybe easy to
equalize after} 3... dxe4 4. dxe4 e5 {for example} 5. Nf3 Nc6 6. c3 Nf6 7. h3
Bd6 8. Qc2 O-O 9. Nbd2 a6 10. Nc4 Bc5 11. Bg5 h6 12. Rd1 Qe7 13. Bc1 Be6 $11 {
1/2-1/2 Galdunts,S-Farago,I/Deizisau op 1998 (36)}) 4. Nf3 (4. e5 Nfd7 5. f4 c5
6. Nf3 Nc6 7. g3 Be7 8. Bg2 O-O 9. O-O b5 10. Nc3 b4 11. Nd1 Qc7 12. Nf2 a5 $13
{0-1 Vasiukov-Gulko/Moskva Ch 1981 (73)}) 4... Be7 (4... dxe4 $146 5. dxe4 b6
$5 {[%cal Gc8a6]} 6. e5 Ba6 $1 7. c4 Nfd7 (7... Nd5 $6 8. Qe4) 8. Qe4 Bb4+ $1
9. Nbd2 (9. Bd2 Nc5 $1 10. Qxa8 $140 Bb7 11. Qxa7 Nc6 $19) (9. Nc3 Nc5 $1) 9...
Nc5 $1 10. Qe3 $1 (10. Qg4 $6 O-O {><d3}) (10. Qc2 $6 Bb7) 10... Bb7 11. a3
Bxd2+ 12. Bxd2 a5 $11) 5. g3 O-O (5... b6 6. e5 Nfd7 7. Bg2 Bb7 8. O-O (8. h4
c5 9. O-O Nc6 10. Bf4 h6 11. h5 g5 12. hxg6 fxg6 13. g4 g5 14. Bg3 Nf8 $1 {
[%csl Rf4][%cal Gf8g6] 0-1 Ermenkov,E-Gruenberg,H/DDR 1986 (31)}) 8... c5 9. c4
d4 10. Nfd2 $1 Bxg2 11. Kxg2 Qc7 12. f4 Nc6 13. Ne4 $14 {1-0 Psakhis,
L-Weischede,T/Groningen op 1996 (43)}) 6. e5 ({Also possible} 6. Bg2 b5 7. O-O
c5 8. e5 Nfd7 9. h4 Nc6 10. c3 Rb8 11. Bf4 c4 12. d4 $14 {with slight
advantage  1-0 Glek,I-Kortchnoi,V/Linz 1997 (64)}) 6... Nfd7 7. h4 {In old
good time players tried first to develope pieces, but the move in the game
also has his right for existance.} (7. Bg2 c5 8. c4 $5) 7... f6 (7... c5 $5 8.
Bg2 Nc6 9. O-O {[%cal Gc1f4]}) 8. exf6 Nxf6 9. Bg2 Nc6 10. d4 Bd6 11. O-O Qe8
12. c4 b6 13. Nbd2 Qh5 14. b3 Ba6 15. Bb2 Rae8 16. Rae1 Bb4 17. Qd3 h6 (17...
Ne4 $142 $5 {[%cal Gb4e1,Ge4d2]} 18. Nxe4 (18. a3 Nxd2 19. Nxd2 Bxd2 20. Qxd2
Na5 21. Qc3 (21. Re5 Rf5) 21... Qf7 $13 (21... dxc4 22. d5 $1)) (18. Qe3 Ne7
$132) 18... Bxe1 19. Rxe1 Nb4 $5) 18. a3 Bd6 19. Ne5 Bxe5 (19... Ne7 20. Bh3
Bc8 21. Ndf3 {[%cal Rg3g4]} Rd8 22. g4 Qe8 23. g5 $36) 20. dxe5 Nd7 (20... Ng4
21. f4 {[%csl Rg4]} (21. Qe2 $5)) 21. Qc2 (21. f4 $5) 21... Ndxe5 (21... Ncxe5
22. Qc3 $1 dxc4 (22... c5 23. Rxe5 Nxe5 24. Qxe5 $18) 23. bxc4 $1 (23. Nxc4 $5
Rf3 $1 24. Rxe5 Rxc3 25. Rxh5 Rxb3)) 22. cxd5 $1 Bxf1 23. Rxf1 ({Attention
deserves} 23. Nxf1 $5 {with clear advantage in all variations, for example}
exd5 (23... Qf5 24. Re2 $1 (24. Qxf5 exf5 {[%cal Ge5f3]} 25. Re3 $18)) 24.
Bxd5+ Kh8 25. f4) 23... Na5 $2 ({After stubborn} 23... Ne7 {white chances are
better any case, but move in text loosing immediately} 24. Qc3 (24. Qxc7 Nd3
25. d6 Nf5 (25... Nxb2 26. dxe7 Rf7 27. Qc2 Qe5 28. Nf3 Rxf3 29. Bxf3 Rxe7 30.
Rb1 $18) 26. Ba1 $44) 24... Rf5 25. dxe6) 24. Qxc7 (24. b4 $1 $18 {[%csl Ra5]}
Nb7 25. Qxc7 {[%cal Rc7e5,Rc7b7]}) 24... exd5 25. Qxa7 (25. b4 $5 Nac6 26.
Bxd5+ Rf7 27. f4 $18) 25... Qg6 (25... Qe2 $5 26. Bxe5 $5 (26. Bxd5+ Kh8 27.
Qc7 $16) 26... Rxe5 (26... Qxe5 27. Qxb6 {[%csl Ra5]} Qc3 28. Bxd5+ Kh8 29. Nb1
Qd3 30. Qxa5 Rf5 31. Qa4 $18) 27. Nf3 Ref5 (27... Rxf3 $2 28. Bxf3 Qxf3 29.
Qb8+ $18 {[%cal Gb8e5]}) (27... Nc6 $5 28. Qxb6 Rxf3 29. Bxf3 Qxf3 30. Qxc6
Qxb3 31. a4 d4 32. Qd6 $16) 28. Nd4 Nc6 29. Qxb6 (29. Qxg7+ $5 Kxg7 30. Nxe2)
29... Nxd4 30. Qxd4 $16) 26. Bxd5+ Kh8 27. Be4 Qg4 $2 (27... Qf6 $5 $16) (27...
Qd6 $16) 28. Qxb6 $18 Re6 29. Qxa5 Rfe8 30. Qc3 Rd6 31. Nc4 Nxc4 32. Bf5 1-0

[Event "Biel GM"]
[Site "Biel"]
[Date "1999.07.20"]
[Round "2"]
[White "Bologan, Viktor"]
[Black "Bunzmann, Dimitrij"]
[Result "1-0"]
[WhiteElo "2620"]
[BlackElo "2596"]
[Annotator "Psakhis,L"]
[PlyCount "101"]
[EventDate "1999.07.19"]
[EventType "tourn"]
[EventRounds "10"]
[EventCountry "SUI"]
[EventCategory "14"]
[SourceTitle "CBM 072"]
[Source "ChessBase"]
[SourceDate "1999.10.01"]
[SourceVersion "1"]
[SourceVersionDate "1999.10.01"]
[SourceQuality "1"]

1. e4 e6 2. d3 d5 3. Nd2 b6 4. Ngf3 Nf6 5. c3 Be7 ({I would prefer to play in
this position} 5... c5 $5 {but move in the text is not bad either.}) 6. Qa4+ c6
7. Be2 O-O 8. O-O b5 (8... Ba6 9. Re1 Qc7 10. Nf1 Nfd7 11. Ng3 Bd6 12. exd5
cxd5 13. Qh4 Nc6 14. Nh5 $36 {Oratovsky,M-Kalinichev,S/Fuerth op 1998/1/2-1/2 
(39)}) (8... Qc7 $5 9. Re1 c5 10. Bf1 Nc6 11. a3 a5 12. Qc2 a4 13. g3 Ra7 14.
Bg2 Rd8 15. exd5 Nxd5 16. Ne4 h6 $11 {0-1 Todorcevic,M-Itkis,B/YUG t-ch 1994 
(48)}) 9. Qc2 c5 10. d4 (10. exd5 Nxd5 11. Re1 Nc6 12. a4 b4 13. c4 Nc7 14. Bf1
f6 15. g3 e5 16. Bg2 Bf5 17. Ne4 Ne6 18. Be3 Qb6 $11 {1-0 Chernov,V-Kubala,M/
Bratislava op 1993 (37)}) 10... Qb6 $146 (10... c4 $5 11. e5 Nfd7 12. b3 Nb6
13. Rd1 Nc6 14. Rb1 Ba6 15. bxc4 bxc4 16. Nf1 Rb8 17. Bf4 h6 18. Ng3 Qc7 19.
Nh5 Nd7 $132 {Lindeberg,S-Hedlund,T/corr 1991/1/2-1/2 (45)}) 11. dxc5 Bxc5 12.
Bd3 $1 Nc6 (12... Nbd7 13. exd5 (13. e5 Ng4 14. Nb3 Ngxe5) 13... exd5 14. Nb3
$14) (12... dxe4 13. Nxe4 $36) 13. exd5 (13. e5 Ng4 14. Nb3 Ngxe5 15. Nxe5 Nxe5
16. Nxc5 Qxc5 17. Bxh7+ Kh8 $13) 13... exd5 14. Nb3 Bg4 (14... Be7 15. Be3 $36)
15. Nxc5 Qxc5 16. Be3 $14 {[%csl Gd3,Rd5,Ge3] White could be happy with
results of openings .Bologan advantage is obvious thanks to  strong pair of
bishops and weak black pawn d5} Qd6 17. Nd4 a6 18. Nxc6 Qxc6 19. Bd4 h6 20. f3
Bd7 21. Rad1 ({Not bad and} 21. Qf2 $5 {[%cal Gf2h4,Gf2g3]}) 21... Rad8 22. Qd2
{[%cal Gd2f4,Gd3b1,Gd2c2]} Nh7 $5 {[%cal Gh7g5,Gg5e6]} 23. Bc2 {[%cal Gd2d3]}
Rfe8 24. Qf2 Qd6 25. Rd2 Bc6 26. Bc5 Qf4 27. Rd4 Qe5 28. Rfd1 Nf6 (28... Nf8
29. Bxf8 $5 Kxf8 30. Bb3 $14 {[%csl Rc6]}) 29. R4d2 Nh5 30. Qd4 Qg5 ({Black
position is very passive and unpleasant after queens exchange} 30... Qxd4+ 31.
Bxd4 (31. Rxd4 Re2) 31... Nf4 32. Kf2 $16 {but maybe it was the best chance.})
31. g3 Nf6 32. Qd3 {[%cal Gc5d4]} g6 33. Bd4 Nd7 (33... Rd6 $5 {[%cal Gd6e6]})
34. Qf1 $1 {[%cal Gf1h3,Gf3f5] Strong move! Queen moves to the king,s side} (
34. Re2 $5) 34... Qe7 35. Qh3 Kh7 (35... h5 36. g4) 36. g4 $5 $16 {[%cal Gh3g3,
Gh2h5]} Nc5 37. Qg3 Ne6 38. Re2 Qg5 (38... Qd6 $5 39. Be5 Qc5+) 39. Be5 $5 ({
Deserves attention also} 39. h4 {and after} Nxd4 40. Rxd4 Qf6 41. g5 $40 {
White keeps initiative.} (41. Rf4) 41... Qxd4+ $140 $2 42. cxd4 Rxe2 43. Qc7
$18 {but why to exchange so great bishop!?}) 39... Nc5 40. Bf4 Qf6 41. g5 $1 {
Black hasn,t too many chances for survival after this stron move.} Qh8 $8 (
41... Rxe2 42. gxf6 Rxc2 43. Bxh6 $1 $18) 42. Be5 Qf8 43. gxh6 Ne6 (43... Qxh6
44. Rd4 {[%cal Rd4h4]}) 44. h4 {[%csl Rh7] End of the game now is very close}
Qxh6 (44... Kxh6 $142) 45. h5 $18 Ng7 (45... Qg5 46. hxg6+ fxg6 47. Rh2+ Kg8
48. Rh8+ Kf7 49. Rh7+ Kg8 50. Bxg6 Qxg3+ 51. Bxg3 Rf8 52. Be5 $18) 46. hxg6+
Kg8 (46... fxg6 47. Rh2 Nh5 48. Bxg6+ $1 Qxg6 49. Rxh5+ $18) 47. gxf7+ (47. f4
$5 $18 {[%cal Re2h2]}) 47... Kxf7 48. Kf2 $1 (48. Rh2 $6 Qe3+) 48... Nh5 49.
Qh4 Rg8 50. Rh1 d4 (50... Rg5 51. f4) 51. Bb3+ {All game was played by Bologan
with big energy.} 1-0

[Event "USA-ch"]
[Site "San Diego"]
[Date "2004.11.28"]
[Round "4"]
[White "Gonzalez, Renier"]
[Black "Shabalov, Alexander"]
[Result "0-1"]
[WhiteElo "2428"]
[BlackElo "2608"]
[Annotator "Psakhis,L"]
[PlyCount "72"]
[EventDate "2004.11.24"]
[EventType "swiss"]
[EventRounds "9"]
[EventCountry "USA"]
[SourceTitle "CBM 105"]
[Source "ChessBase"]
[SourceDate "2005.04.11"]
[SourceVersion "1"]
[SourceVersionDate "2005.04.11"]
[SourceQuality "1"]

{[%mdl 8192]} 1. e4 c5 2. Nf3 e6 3. d3 Nc6 4. g3 d5 5. Qe2 Nf6 6. Bg2 Be7 7.
O-O O-O 8. e5 Nd7 9. c4 Nb6 (9... d4 10. h4 Qc7 11. Bf4 b6 12. Nbd2 Bb7 13.
Rfe1 Nb4 14. Nf1 a6 15. a3 Nc6 16. N1h2 b5 17. Ng4 Rfe8 18. h5 $36 {1-0
Beshukov,S-Drozdovsky,Y/Moscow op 1999/CBM 70 (38)}) (9... dxc4 10. dxc4 Qc7
11. Bf4 Rd8 12. Nc3 Nf8 13. Nb5 Qb6 14. Rad1 Bd7 15. h4 Be8 16. Bg5 $14 {
1-0 Galdunts,S-Weiss,O/Baden Baden op 2002 (54)}) 10. h4 $5 (10. Re1 a5 11. h4
a4 12. Bf4 Bd7 13. Nbd2 Nb4 14. Nf1 a3 15. b3 dxc4 16. dxc4 Bc6 17. Rad1 Qc7
18. N1h2 Rfd8 19. Ng4 Rxd1 20. Rxd1 Rd8 {0-1 Stripunsky,A-Jussupow,A/
Philadelphia World op 2002/ (31)}) (10. Rd1 f5 11. exf6 Bxf6 12. Nc3 Nd4 13.
Nxd4 Bxd4 14. Be3 Bxe3 15. fxe3 Qg5 16. Rf1 Bd7 17. Rf4 dxc4 18. dxc4 e5 19.
Rxf8+ Rxf8 20. Bxb7 Bg4 21. Qd3 Rd8 22. Qe4 Rd2 23. Rf1 Bh3 24. Rf2 Rd4 25. Qf3
{1-0 Maiorov,O-Ovsiannikov,M/Krasnodar Sarkisov mem op 2003/EXT 2005}) (10. b3
a5 (10... Bd7 11. Bb2 Qb8 12. Re1 Rd8 13. Nbd2 Be8 14. Nf1 a5 15. a4 dxc4 16.
dxc4 Nd4 17. Nxd4 cxd4 18. Red1 Bc5 19. Nd2 $36 {1-0 Kovalev,A-Novkovic,M/
Presov 2000/(47)}) (10... f6 11. exf6 Bxf6 12. Bb2 Bxb2 13. Qxb2 d4 14. Re1 Bd7
15. Qe2 Qf6 16. Nbd2 $36 {[%csl Ge4] Soylu,S-Greenidge,K/Bled Olympiad 2002//
1-0 (35)}) 11. Na3 $146 (11. a4 $5 Bd7 12. Nc3 Nb4 13. Bf4 Bc6 14. Rad1 Nd7 15.
h4 b6 16. Rfe1 Qc8 17. Ng5 Qb7 18. Nb5 h6 19. Nh3 Rfd8 $13 {Fiorito,F-Borges,J/
Santa Clara-A 2000/0-1 (39)}) 11... a4 12. h4 Bd7 (12... f6 $5 13. Bb2 $13) 13.
Bf4 Nb4 {Knowing how badly this move turned out for Black in this game, I dare
suggesting} (13... f6 $5 14. Rfe1 fxe5 15. Nxe5 Nd4 $132) 14. Nc2 $1 Nxc2 15.
Qxc2 Bc6 16. Nh2 {[%cal Gh2g4] A typical but strong manoeuvre - White finds a
way to transfer his knight to the K-side.} f5 17. exf6 Bxf6 18. Rae1 {[%csl
Ge5,Re6]} Bxh4 19. Rxe6 axb3 20. axb3 Qc8 21. Rfe1 $36 {[%csl Rb6] 1-0 Vescovi,
G-Shabalov,A/Bermuda 2004/CBM 99/[Psakhis] (40)}) 10... a5 $5 (10... Bd7 11.
Bf4 Nd4 (11... Rc8 12. Nbd2 Be8 13. Rad1 Na4 14. Nb1 Nb6 15. Rfe1 Nd4 16. Nxd4
cxd4 17. Nd2 dxc4 18. dxc4 d3 19. Qg4 Kh8 20. b3 Bc6 21. Bxc6 Rxc6 22. Ne4 {
1-0 Ivanov,A-Van Riemsdijk,H/Cali zt 2001(40)}) 12. Nxd4 cxd4 13. Nd2 Bc6 14.
Rad1 (14. Rfd1 dxc4 15. dxc4 d3 16. Qg4 Bxg2 17. Bh6 Bf6 18. exf6 Qxf6 19. Bg5
Qg6 20. Kxg2 h6 21. b3 hxg5 22. Qxg5 Qxg5 23. hxg5 a5 24. Nf3 a4 {1/2-1/2
Bruzon,L-Volokitin,A/Lausanne YM 2001/(51)}) 14... dxc4 15. dxc4 d3 16. Qg4 Qd4
17. b3 Bxg2 18. Kxg2 Rfd8 19. Nf3 Qe4 20. Rfe1 Qc6 21. Re3 $16 {1-0 Glek,
I-Wyss,T/Valle d'Aosta op 2002/ (24)}) (10... f5 11. exf6 Bxf6 12. Na3 dxc4 13.
dxc4 e5 14. Ng5 h6 15. Ne4 Nd4 16. Qe1 Qe7 17. Bd2 Be6 18. Rc1 Bg4 19. f3 Bf5
20. Nb5 Bxe4 {1-0 Stripunsky,A-Bercys,S/USA-ch San Diego 2004/The Week in
Chess 525 (30)}) 11. a4 Nb4 12. Rd1 Bd7 13. Nc3 Bc6 14. b3 $146 (14. h5 h6 15.
b3 Qc7 16. Bf4 Rad8 17. Nb5 Qb8 18. Nh2 dxc4 19. dxc4 Bxg2 20. Kxg2 Rxd1 21.
Rxd1 Rd8 22. Ng4 Rxd1 23. Qxd1 Qe8 24. f3 Nc6 25. Be3 Qd8 26. Qxd8+ Nxd8 27.
Nf2 Nd7 28. f4 Kh7 {Djurhuus,R-Ostenstad,B/Asker 1997/ChessBase/1-0 (53)})
14... Qc7 15. Bf4 Rfd8 16. h5 h6 {Now we see, that black has succeeded to
solve his opening problems} 17. Nh2 (17. Nb5 $5 {[%csl Gb5]}) 17... Bf8 18. Na2
(18. Nb5 $5) (18. Ng4 $5) 18... Nc8 19. Nxb4 axb4 (19... cxb4 $5) 20. Ng4 (20.
cxd5 $5 Bxd5 21. Bxd5 Rxd5 (21... exd5 22. d4 $5) 22. Ng4 Na7 23. Ne3 Rdd8 24.
Nc4 Nc6 {[%cal Gc6d4]} 25. Be3 $13 {[%cal Gf2f4]}) 20... Ne7 21. Ne3 dxc4 $5 (
21... d4 $143 22. Ng4 Bxg2 23. Kxg2 $14 {and Black hasn't any counter play on
the queen side.}) 22. dxc4 (22. Nxc4 $6 Bxg2 23. Kxg2 Nc6 24. Be3 $140 $2 Nxe5
25. Bf4 Qc6+) 22... Bxg2 23. Kxg2 Nc6 {[%csl Rb3,Rd4][%cal Gc6d4,Gc6a5]} 24.
Nc2 Na5 {Black has accomplished his strategical plan and stands better.} 25.
Qf3 (25. Qe3 Rd7 $15) 25... Qc6 {The arisen endgame is not safe for White.} 26.
Qxc6 Nxc6 27. g4 $6 {I dare say this is the major cause of White's defeat.} (
27. Rab1 $142 g5 (27... Na5 28. Rxd8 Rxd8 29. Ne1 {[%cal Gg2f1,Gf1e2]}) 28.
hxg6 fxg6 29. g4 g5 30. Bg3 Bg7 31. Rd6 $1) 27... Na5 28. Rxd8 $8 Rxd8 29. Rb1
Rd3 {Black is increasing pressure over the main target - white's b3 pawn.} 30.
Na1 {[%csl Ra1,Ga5,Rb1,Gd3]} Be7 {Black doesn't hurry and simply improves his
position. Whitehasn't any counter-play.} 31. Be3 (31. Bg3 $5) 31... Nc6 {
[%csl Re5]} 32. Kf3 $6 {Trying to push the annoying rook d3 from his camp
White slips up in a difficult position.} (32. Bf4 Bg5 33. Bg3 Nd4 34. f4 Rd2+
35. Kf1 Be7 $17) 32... Nxe5+ 33. Ke4 Bd6 $1 34. Re1 (34. Bxc5 Bxc5 35. Kxe5
Bxf2 36. Nc2 Bc5 $19) 34... Rc3 35. Rd1 (35. Bf4 Nxg4 $1 36. Bxd6 Nxf2+ 37. Kf4
Nd3+ 38. Ke3 Nxe1+ 39. Ke2 Nd3 $19) (35. f4 Nxg4) (35. f3 Nd7 36. f4 f5+ $1 37.
gxf5 Nf6+ 38. Kf3 exf5 {[%csl Rb3,Rh5][%cal Of6h5,Gf6g4]}) 35... Bc7 $19 36.
Rg1 Nxg4 $1 (36... Nxg4 37. Bxc5 Nf6+ 38. Kd4 e5#) 0-1

[Event "ISL-ISR"]
[Site "Reykjavik"]
[Date "1996.??.??"]
[Round "2"]
[White "Psakhis, Lev"]
[Black "Hjartarson, Johann"]
[Result "1-0"]
[WhiteElo "2610"]
[BlackElo "2570"]
[Annotator "Psakhis,L"]
[PlyCount "81"]
[EventDate "1996.04.??"]
[EventType "team"]
[EventRounds "2"]
[EventCountry "ISL"]
[SourceTitle "CBM 053"]
[Source "ChessBase"]
[SourceDate "1996.08.01"]
[SourceVersion "1"]
[SourceVersionDate "1996.08.01"]
[SourceQuality "1"]

1. e4 c5 2. Nf3 e6 3. d3 Nc6 4. g3 d5 5. Qe2 Nf6 6. Bg2 Be7 7. O-O b6 (7... O-O
$5) 8. e5 Nd7 9. c4 d4 (9... Nf8 10. h4 Bb7 11. Re1 h6 12. h5 Qd7 13. Nc3 $14)
10. Ne1 $5 (10. Re1 Bb7 11. h4 (11. Nbd2 $6 g5 $1 12. h3 h5 13. g4 hxg4 14.
hxg4 Qc7 15. Nf1 O-O-O 16. Ng3 Rdg8 17. a3 a5 18. Bd2 Kb8 19. b3 Rh4 $1 $36 {
Psakhis,L-Illescas,M/Madrid 25'/1988/}) 11... Qc7 12. Nbd2 O-O-O 13. Nf1 h6 14.
N1h2 g5 15. h5 f5 16. exf6 Nxf6 $132 {Dolmatov,S-Sveshnikov,E//URS-ch/1981/0,5/
42/}) (10. Nfd2 Qc7 11. f4 Bb7 12. Ne4 O-O-O (12... h5 13. h3 f5 14. exf6 gxf6
15. f5 $1 e5 16. Nbd2 O-O-O 17. Nf3 $16) (12... O-O 13. Nbd2 Rae8 14. Nf3 f6
15. exf6 Bxf6 16. Bd2 $16 {Sokolov,A-Rogovski,V/Alushta/1994/1:0/28/}) 13. Na3
(13. a3 h5 14. b4 h4 15. b5 Na5 16. Nbd2 hxg3 17. hxg3 Rh7 18. Rb1 $14 {
Cabrilo,G-Todorovic,G/Kladovo YUG-ch/1990/1-0/41/}) 13... a6 14. Nc2 h5 (14...
f5 15. exf6 gxf6 16. f5 $1 exf5 17. Rxf5 Nde5 18. Bf4 $36) 15. h4 f6 16. exf6 (
16. Bh3 $6 f5 $10) 16... gxf6 17. f5 exf5 18. Rxf5 Bd6 19. Nxd6+ (19. Bf4 Bxf4
20. Rxf4 Rdg8 $13 {Ehlvest,J-Vaiser,A/Tallinn/1986/0:1/29/}) 19... Qxd6 20. Bf4
Qe7 $1 21. Bf3 Nce5 22. Bxb7+ Kxb7 23. Rf1 $14 {Vaiser/}) (10. h4 h6 (10... Bb7
11. Na3 (11. a3 h6 12. h5 Qc7 13. Re1 O-O-O 14. b4 cxb4 15. axb4 Bxb4 16. Ba3
$44) 11... a6 12. Nc2 h6 13. h5 Qc7 14. Bf4 g5 15. hxg6 fxg6 16. g4 g5 17. Bg3
Bf8 18. Rab1 Bg7 $13) 11. h5 Bb7 12. Nbd2 (12. Bf4 Nf8 13. g4 Nh7 14. Nbd2 Ng5
15. Bg3 Nxf3+ 16. Bxf3 Qc7 17. Be4 O-O-O 18. f4 Rdg8 19. Kf2 g6 20. Rh1 Rg7 21.
Nf3 gxh5 22. Rxh5 Rxg4 23. Nxd4 Rhg8 24. Nxc6 Rxg3 25. Nxe7+ Qxe7 {Arkhipov,
S-Phominyh,A/Alushta-3/1994/0,5/41/}) 12... Qc7 13. Re1 O-O-O 14. a3 a5 15. Bh3
Rdg8 16. Ne4 g6 (16... Nf8 17. b4 g5 18. Nd6+ $5 Bxd6 19. exd6 Qxd6 20. bxc5
bxc5 21. Bg2 Nd7 22. Rb1 $40 {Glek,I-Schmidt,W/Recklinghausen/1995/1:0/33/})
17. hxg6 Rxg6 18. Bf4 h5 19. Nfg5 Nd8 20. b4 cxb4 21. axb4 Bxb4 22. Reb1 Nxe5
23. Bg2 Ndc6 24. Nxf7 $1 {Dreev,A-Dzhandzhava,L/Simferopol/1988/1-0/37/}) 10...
Bb7 11. f4 Qc7 12. Nf3 (12. Nd2 $5 O-O-O 13. Ne4 h5 (13... f5 $6 14. exf6 gxf6
15. f5 e5 16. a3 Rdg8 17. Bd2 $16) 14. Nf3 f6 15. exf6 gxf6 16. Bh3 f5 17. Neg5
Bxg5 18. fxg5 $16 {Vasiukov,E-Cherepkov,A/St.Peterburg/1995/1:0/35/}) 12...
O-O-O 13. Nbd2 (13. Na3 $5) 13... h6 14. Ne4 (14. a3 $5) 14... Rde8 $1 (14...
f5 $2 15. exf6 gxf6 16. Nf2 $16) 15. a3 f5 16. exf6 gxf6 17. Nf2 (17. b4 $5
cxb4 $140 (17... f5 18. Ned2 cxb4 19. Qxe6 $16) 18. axb4 Bxb4 19. Bb2 $44)
17... Bd8 (17... Bd6 $5 18. Bd2 $13 (18. b4 cxb4 19. axb4 Bxb4 20. Bb2 e5)) 18.
b4 f5 19. b5 Na5 20. Qd1 (20. Rb1 $5) 20... Rhg8 21. Nh3 (21. Bd2 h5 $132)
21... Nf6 (21... h5 $6 22. Nhg5 Bxg5 23. fxg5 e5 24. Nh4 Bxg2 25. Kxg2 $16) 22.
Ne5 h5 23. Bxb7+ Qxb7 24. Nf3 $5 (24. Ng5 $5 h4 25. gxh4 Qh7 26. Nef3 $13)
24... Ng4 (24... h4 25. Nxh4 Ne4 26. Ng5 (26. Nf3 $5) 26... Nxg5 27. fxg5 Bxg5
28. Bxg5 Rxg5 29. Nf3 Rg7 30. Ne5) 25. Nhg5 Bxg5 (25... Ne3 26. Bxe3 dxe3 27.
Re1 Bf6 28. Rxe3 (28. Rb1 Bd4 29. Nxd4 cxd4 30. Qxh5) 28... Bxa1 29. Qxa1 Rg6
30. Nh4 $16) 26. Nxg5 (26. fxg5 $5) 26... h4 $1 27. gxh4 Rh8 (27... Ne3 28.
Bxe3 dxe3 29. Qf3 $16) 28. h3 Rxh4 29. Ra2 $1 (29. hxg4 $2 Qh1+ (29... Rxg4+ $6
30. Kf2 Qg2+ 31. Ke1 e5 $1 32. Qe2 Qxe2+ 33. Kxe2 exf4+ 34. Kf3 Rxg5 35. Bxf4
$44) 30. Kf2 Qh2+ 31. Kf3 (31. Ke1 Qg3+ 32. Rf2 Rh1+ $19) 31... Rxg4 (31...
fxg4+ 32. Ke4) 32. Rf2 Qh5 $19) 29... Nf6 $6 (29... Reh8 $1 30. Rf3 $5 $132 (
30. Re2 Rxh3 31. Nxh3 Rxh3 $19) (30. Qe1 Qd7 31. Rg2 (31. Re2 Rxh3 32. Nxh3
Rxh3 33. Rxe6 Ne3 $1 34. Rxe3 Qg7+ $19) 31... Rxh3 32. Nxh3 Rxh3) (30. Qf3 Qxf3
31. Rxf3 Nb3 32. Rc2 Nxc1 33. Rxc1 Kd7 $15) 30... e5 $6 31. fxe5 Nxe5 32. Rxf5
Qg7 33. Rg2 $16) 30. Rg2 Nh7 (30... Qd7 $5) 31. Rg3 Rg8 (31... Nxg5 32. fxg5
Reh8 33. Qf3 (33. Kh2 Qc7) 33... Nb3 34. Bf4 $16) 32. Rff3 Qd7 33. Bd2 Nxg5 $6
$138 (33... Nb7 34. Qe1 $14) 34. Rxg5 Rxg5+ $6 (34... Rgh8 $5) 35. fxg5 Nb7 36.
Qe1 Rh7 37. Bf4 $18 Kd8 38. Qe5 Ke8 39. g6 Rg7 40. Rg3 Rg8 41. h4 1-0